000
00226nam a2200121Ia 4500
100
_a
#N/A
650
_a
Computer/ IT
942
_c
BK
654
_a
suse
245
_a
SUSE Linux 10.0 OSS
260
_b
#N/A
546
_a
ENGLISH
999
_c
23446
_d
23446